Tous les vainqueurs d'un grand Tour cycliste depuis 1990 - Statistiques

Statistiques générales
  • Ce quiz a été pris 42 fois
  • Le résultat moyen est 53 sur 108
Statistiques - réponses
Réponse % Correct
2020 | 2021 | 2024 | 2025 Tadej Pogacar
100%
2011 | 2013 | 2015 | +3 others Christopher Froome
92%
2022 | 2023 | 2025 Jonas Vingegaard
92%
2010 | 2013 | 2014 | 2016 Vincenzo Nibali
85%
2010 Andy Schleck
79%
2019 | 2021 Egan Bernal
79%
2007 | 2008 | 2009 | +3 others Alberto Contador
77%
2011 Cadel Evans
74%
2012 Bradley Wiggins
72%
2019 | 2020 | 2021 | +2 others Primoz Roglic
67%
1991 | 1992 | 1993 | +2 others Miguel Indurain
64%
2018 Geraint Thomas
62%
2014 | 2016 Nairo Quintana
62%
1998 Marco Pantani
59%
1997 | 1999 Jan Ullrich
56%
2022 Remco Evenepoel
54%
2018 | 2025 Simon Yates
54%
2008 Carlos Sastre
51%
2009 Alejandro Valverde
49%
2017 Tom Dumoulin
49%
1996 Bjarne Riis
44%
2006 Oscar Pereiro
44%
2023 Sepp Kuss
44%
1990 Greg LeMond
41%
2022 Jai Hindley
38%
2015 Fabio Aru
36%
1995 Laurent Jalabert
36%
2020 Tao Geoghegan Hart
36%
2019 Richard Carapaz
33%
2006 Alexandre Vinokourov
31%
2007 | 2009 Denis Menchov
31%
2013 Christopher Horner
28%
1999 | 2000 | 2001 | +4 others Non Attribué
28%
2004 Damiano Cunego
23%
2006 | 2010 Ivan Basso
21%
2000 | 2003 | 2004 | 2005 Roberto Heras
21%
1992 | 1993 | 1994 | 1995 Tony Rominger
21%
1996 | 1997 Alex Zulle
18%
2011 Michele Scarponi
15%
2002 | 2005 Paolo Savoldelli
15%
2012 Ryder Hesjedal
15%
2007 Danilo Di Luca
13%
2001 | 2003 Gilberto Simoni
13%
1998 Abraham Olano
10%
1990 Gianni Bugno
10%
1997 | 1999 Ivan Gotti
10%
2002 Aitor Gonzalez
8%
1994 Evgueni Berzin
8%
1991 Melchior Mauri
8%
1996 Pavel Tonkov
8%
2000 Stefano Garzelli
8%
2001 Angel Casero
5%
1990 Marco Giovannetti
3%
1991 Franco Chioccioli
0%
Aucun quiz correspondant
Distribution des résultats
% des personnes avec chaque résultat
Percentile par nombre de réponses
Votre historique - résultats
Vous n’avez pas pris ce quiz